000 00272nam a22001097a 4500
008 230704b xxu||||| |||| 00| 0 eng d
082 _a341.42
_bKEN
100 _cKENYA
245 _aReport of the Regional Boundaries Commission
300 _avarious paging
942 _2ddc
_cBK
999 _c3756
_d3756